LEADER 01116nam a2200277 u 4500 001 000000019244 003 CaOOAMICUS 005 20070226110751.0 008 070226s1981 it u000 u ita u 035 $a10462225 040 $aPUL(R)$bita 041 1 $aita$hger 100 1 $aBloch, Ernst,$d1885-1977.$0(OLS)http://pul/name/9240 240 10$aVorlesungen zur Philosophie der Renaissance.$lItaliano.$0(OLS)http://pul/title/27256 245 10$aFilosofia del Rinascimento /$cErnst Bloch. 260 $aBologna :$bIl Mulino,$cc1981. 300 $a178 S. ;$c19 cm 490 1 $aUniversale paperbacks Il Mulino ;$v125 650 4$aFilosofia rinascimentale.$0(OLS)http://pul/subject/4774 830 0$aUniversale paperbacks Il Mulino ;$v125.$0(OLS)http://pul/title/190 850 $aPUL 852 $aPUL$W1$xSL Filosofia 1$y2$m84 G 45$j27090$nBK-PRI$b $qStampati$B27090$CPULBib$Z2$F27090 $H $81 941 1 $a8 961 $aINV: 49050 996 $6245$aFilosofia del Rinascimento$9(OLS)http://pul/title/27257 996 $6260$aBologna :$bIl Mulino$9(OLS)http://pul/publisher/47928 LEADER 01259nam a2200325 a 4500 001 000000170368 003 CaOOAMICUS 005 20181109112337.0 006 a 000 u 008 181109s2018 it 000 u ita r 020 $z978-88-372-3217-7* 032 $aLibriCat 040 $aPUL$bita 082 04$a230 100 1 $aChialà, Sabino.$0(OLS)http://pul/name/64543 240 14$aThe study of man.$lItaliano.$0(OLS)http://pul/title/210878 245 10$aStudio dell'uomo /$cSabino Chialà . 260 $aBrescia :$bMorcelliana,$c©2018. 300 $a114 p. ; $c19 cm. 490 1 $aIl pellicano rosso. Nuova serie ;$v283 650 4$aUomo (filosofia).$0(OLS)http://pul/subject/436 830 3$aIl pellicano rosso.$pNuova serie ;$v283.$0(OLS)http://pul/title/103420 850 $aPUL 852 $aPUL$W1$xSL Religione 3$y85$m230 COLL 12.283$j193265$qDDC 21$B198655$CPULBib$Z2$F198655 $H131568 $81 941 1 $a9 996 $6020$z978-88-372-3217-7*$9(OLS)http://pul/number/165226 996 $6082$a230$9(OLS)http://pul/classification/368 996 $6245$aStudio dell'uomo$9(OLS)http://pul/title/210879 996 $6260$aBrescia :$bMorcelliana$9(OLS)http://pul/publisher/47854